000 01186nam a2200313 a 4500
001 000115727
003 CHAP
005 20230216094240.0
008 190628s2018 mx |sm |||||||spa d
010 _a112188
011 _a113160
040 _cCHAP
090 _aTesis
100 1 _aSaldaña Hernández, Jesús Fernando.
_9136329
245 1 0 _aVialidad técnica y económica de la producción de amaranto en la localidad de Tulyehualco en la Ciudad de México
_h[En línea]
_cpor Jesús Fernando Saldaña Hernández.
260 _aChapingo, Méx. :
_bEl autor,
_c2018.
500 _aPara ver el contenido del material haga clic en la liga
502 _aTesis (M. en Ciencias en Estrategia Agroempresarial) -- UACH. CIESTAAM.
590 _aBATCH-UPD
_b05
_c20190628
_lUCH01
_h1026
590 _aE5765TAJ
_b05
_c20190628
_lUCH01
_h1025
590 _aE5765TAJ
_b05
_c20190628
_lUCH01
_h1026
650 1 4 _aAmaranto
_xCostos de producción.
_95115
650 1 2 _aAmaranto
_xInnovaciones tecnológicas
_9136330
650 1 4 _aAmaranto
_xRendimiento.
_95140
856 _aFinding aid
_uhttp://10.13.5.2/tesis/sist115727.pdf
_zTeclea aquí
901 _aBK
942 _cLIBRO
942 _n0
999 _c112188
_d112188